header

Models and frameworks for implementing evidence-based practice (Record no. 30384)

MARC details
000 -LEADER
fixed length control field 02534nam a2200349 a 4500
082 04 - DEWEY DECIMAL CLASSIFICATION NUMBER
Classification number 610.73
245 00 - TITLE STATEMENT
Title Models and frameworks for implementing evidence-based practice
260 ## - PUBLICATION, DISTRIBUTION, ETC. (IMPRINT)
Place of publication Chichester, West Sussex ;
-- Ames, Iowa :
Name of publisher Wiley-Blackwell,
Year of publication 2010.
300 ## - PHYSICAL DESCRIPTION
Number of Pages xviii, 268 p. :
Other physical details ill.
490 1# - SERIES STATEMENT
Series statement Evidence-based nursing series
505 0# - FORMATTED CONTENTS NOTE
Formatted contents note Evidence based practice : doing the right thing for patients / Tracey Bucknall & Jo Rycroft-Malone -- Theory, frameworks, and models : laying down the ground work / Jo Rycroft-Malone & Tracey Bucknall -- Stetler model / Cheryl Stetler -- The Ottawa model of research use / Jo Logan & Ian Graham -- Promoting Action on Research Implementation in Health Services (PARIHS) / Jo Rycroft-Malone -- Iowa model of evidence-based practice / Marita Titler -- Dissemination and use of research evidence for policy and practice : a framework for developing, implementing, and evaluating strategies / Maureen Dobbins, Kara DeCorby, Paula Robeson -- ARCC (Advancing Research and Clinical practice through close Collaboration) : a model for system-wide implementation & sustainability of evidence-based practice / Bern Melnyk & Ellen Fineout-Overholt -- The Joanna Briggs Institute model of evidence-based healthcare as a framework for implementing evidence / Alan Pearson -- The knowledge to action framework / Ian Graham & Jacqueline Tetroe -- Analysis and synthesis of models and frameworks / Jo Rycroft-Malone & Tracey Bucknall.
650 #0 - SUBJECT ADDED ENTRY--TOPICAL TERM
Topical Term Evidence-based nursing.
700 1# - ADDED ENTRY--PERSONAL NAME
Personal name Rycroft-Malone, Jo.
Personal name Bucknall, Tracey.
856 40 - ELECTRONIC LOCATION AND ACCESS
Uniform Resource Identifier http://site.ebrary.com/lib/rucke/Doc?id=10684927

No items available.

© 2026 Rongo University
Contact us: librarian | system librarian | Rongo university